Music Quiz

Random Music or Rock Quiz

Rock Musicians Then & Now Quiz Stats

 Plays Quiz Updated Mar 16, 2019

Score 0/16 Timer 05:00
5 Plays Today
% Correct
Bono
94.2%
Paul McCartney
93.9%
Ozzy Osbourne
92.7%
Alice Cooper
88.6%
Eric Clapton
82.3%
Bruce Springsteen
82.1%
Sting
79.4%
Billy Idol
78.2%
% Correct
Keith Richards
77.3%
Joan Jett
74.1%
Iggy Pop
70.6%
Debbie Harry
66.5%
Robert Plant
62.5%
David Crosby
55.8%
Neil Young
53.4%
Tommy Lee
45%

You're not logged in!

Compare scores with friends on all Sporcle quizzes.
OR
Log In

Sporcle TV

Today on Sporcle TV


Watch our educational content, quiz creation guides, and fun videos on Sporcle TV.

Show Comments

Extras

Top Quizzes Today


Score Distribution

Your Account Isn't Verified!

In order to create a playlist on Sporcle, you need to verify the email address you used during registration. Go to your Sporcle Settings to finish the process.

Report this User

Report this user for behavior that violates our Community Guidelines.

Details: